Languages in conflict : linguistic acculturation on the Great Plains /

Bibliographic Details
Corporate Author: University of Nebraska--Lincoln. Center for Great Plains Studies
Other Authors: Schach, Paul
Format: Book
Language:English
Published: Lincoln : Published by the University of Nebraska Press for the Center for Great Plains Studies, University of Nebraska--Lincoln, [1980]
Subjects:

MARC

Tag First Indicator Second Indicator Subfields
LEADER 00000pam a2200000 a 4500
001 in00000069833
005 20151008055855.0
008 800310s1980 nbub b 00000 engm
010 |a  80012710  
020 |a 0803221061 
035 |a (OCoLC)06143945 
035 |9 AAJ4611AM 
040 |a DLC  |c DLC  |d m.c.  |d TXA  |d UtOrBLW 
043 |a np----- 
049 |a TXAM  |c [387827] 
050 0 0 |a P130.52.U5  |b L3 
082 0 |a 401/.9 
245 0 0 |a Languages in conflict :  |b linguistic acculturation on the Great Plains /  |c edited by Paul Schach. 
264 1 |a Lincoln :  |b Published by the University of Nebraska Press for the Center for Great Plains Studies, University of Nebraska--Lincoln,  |c [1980] 
264 4 |c ©1980 
300 |a xi, 186 pages :  |b maps ;  |c 24 cm. 
336 |a text  |b txt  |2 rdacontent 
337 |a unmediated  |b n  |2 rdamedia 
338 |a volume  |b nc  |2 rdacarrier 
504 |a Includes bibliographical references. 
650 0 |a Languages in contact  |z Great Plains. 
650 0 |a Language and culture. 
700 1 |a Schach, Paul. 
710 2 |a University of Nebraska--Lincoln.  |b Center for Great Plains Studies. 
999 |a MARS 
999 f f |s 321492f4-41d8-3101-8a5c-378915433ee8  |i b85ef179-1ed6-3380-9a4c-1ee0b060719c  |t 0 
952 f f |p ric  |a Texas A&M University  |b Rellis Campus  |c Joint Library Facility  |s JLF  |d Remote Storage  |t 0  |e P130.52.U5 L3  |h Library of Congress classification  |i unmediated -- volume  |m A14806172268 
998 f f |a P130.52.U5 L3  |t 0  |l Remote Storage